000 01023cab a2200277 4500
001 WB2839-23
008 090401t1992 xxu||||| |||| 00| 0 eng d
035 _a(Sirsi) u32661
041 _aeng
245 _a£500m wiped off Church assets
260 _c1992
350 _a0
490 _aGuardian
_v3 October 1992, 4
490 _aDaily Telegraph
_v8 October 1992, 17&2(3)
520 _aIt is reported that the value of the Church Commissioners` property assets has fallen by more than £500m since 1990. The Archibishop of Canterbury, George Carey, has appointed Bishop of Chelmsford to head a group of financial experts to undertake an independent review of the Church Commissioners` financial position.
650 _aASSET VALUES
650 _aCHESTERTONS
650 _aCHURCH COMMISSIONERS
650 _aCHURCH OF ENGLAND
650 _aPROPERTY ASSETS
650 _aPROPERTY VALUES
650 _aRECESSION
690 _aPROPERTY-PROPERTY FINANCE AND INVESTMENT
942 _n0
948 _c04/03/1997
999 _c21846
_d21846